Statystyki dla Filmy Disneya - Dla Ignacego

Kliknij tutaj aby rozwiązać quiz!

Ogólne statystyki

  • Ten quiz został rozwiązany 962 razy
  • Średni wynik to 9 z 12

Statystyki odpowiedzi

ROK_WSKAZÓWKAODPOWIEDŹ% Poprawnych
1950 - Główna bohaterka ma przyrodnie siosty które robią wszystko by jej dokuczyć podobnie jak jej macocha , jej życie diametralnie się zmienia gdy poznaje Dobrą Wróżkę , która ofiaruje jej między innymi cudowną suknie .Kopciuszek
96%
1940 - Jego "ojcem" był stary snycerz o imieniu GepettoPinokio
94%
1961/95(wersja z polskim dubbingiem) - Historia bardzo licznej gromady szczeniaków i pewnej antagonistki chcącej zrobić z nich futro101 dalmatyńczyków
93%
1942 - film animowany w którym zarate zostało zaledwie 800 słów dialogu , w roku 2006 film doczekał się midquella . opowiada on historię młodego jelonka zaprzyjaźnionego z królikiem i skunksem .Bambi
88%
1992 - W tej bajce historia toczy się w krainie dalekiego wschodu , gdzie tytułowy bohater odnajduje magiczną lampę .Aladyn
86%
1955 - ... Akcja filmu kończy się w pierwsze urodziny suczki Lady, która jest już żoną Trampa i matką trzech cocker spanielów i kundelka, którego dalsze losy zostały przybliżone w sequelu produkcjiZakochany kundel
84%
1995 - Ten film animowany zarobił 346 079 773 dolarów , opowiada historie ciekawej świata IndiankiPocahontas
78%
1996 - Pouczająca historia o " nieocenianiu książki po okładce " opowiadający o ukrywającym się w dzwonnicy Quasimodo.Dzwonnik z Notre Dame
76%
2017 - 12letni Miguel chce zostać popularnym muzykiem , w pogoni za pasją trafia do Krainy Umarłych . Spotyka tam Hectora z którym wspólnie starają się rozwikłać historie przeszłości rodziny MiguealCoco
69%
1939 - krótkometrażowa bajka o małej "kaczce"Brzydkie kaczątko
68%
2003 - Historia o miłości ojca do syna gotowego przepłynąć olbrzymi ocean byle tylko odnaleźć swojego synaGdzie jest Nemo
53%
1998 - Bajka ta opowiada dość luźno i dostępnie życie mrówekDawno Temu w Trawie
52%

Rozkład punktacji

Percentyl według liczby udzielonych odpowiedzi

Procent ludzi z każdym wynikiem

Twoja historia wyników

Nie rozwiązałeś tego quizu